| 000 | 00626cam a22002412a 4500 | ||
|---|---|---|---|
| 001 | 002485 | ||
| 003 | AR-FADEU | ||
| 005 | 20191024075115.0 | ||
| 008 | 311216n1884####xxu####################dd | ||
| 020 | _a950-582-097-6 | ||
| 040 | _cBiblioteca Ernesto Sábato | ||
| 092 |
_a362 _bF362 _eBLYNK |
||
| 100 | _aFernandez, Arturo | ||
| 245 | _aPolíticas sociales y trabajo social | ||
| 260 | _aBuenos Aires | ||
| 260 | _bHvmanitas | ||
| 260 | _c1884 | ||
| 300 | _a192 p | ||
| 440 | _aDesarrollo Social | ||
| 650 | _aPOLITICAS SOCIALES-ARGENTINA/BLYNK/ | ||
| 700 | _aMargarita Rozas Pagaza | ||
| 942 |
_cBLYNK _2ddc |
||
| 999 |
_c34097 _d34097 |
||